| 000 | 00609nam a2200169 a 4500 | ||
|---|---|---|---|
| 008 | 120416s1964 ||||||||||||||||| || u | ||
| 020 | _a0521092450 | ||
| 050 | _aBD 581 Whi | ||
| 100 | _aWhitehead, Alfred North | ||
| 245 | 1 | 4 | _aThe concept of nature |
| 246 | _athe Tarner lectures delivered in Trinity College, November 1919 | ||
| 260 |
_aCambridge _bCUP _c1964 |
||
| 300 | _aviii, 202p. | ||
| 350 | _a0.00 | ||
| 650 | _aPHILOSOPHY | ||
| 995 |
_D0.00 _FCBU-MAIN LIBRARY (Kitwe) _H1 _I12.95 _M1 _UAVAILABLE _WMay 12, 2006 _ZMain Library Open Access Collection |
||
| 999 |
_c38329 _d38329 |
||